Chicken soup for the teenage soul letters : (Record no. 56176)

MARC details
000 -LEADER
fixed length control field 00789nam a2200265 i 4500
001 - CONTROL NUMBER
control field C2-0241029
003 - CONTROL NUMBER IDENTIFIER
control field PPAK
005 - DATE AND TIME OF LATEST TRANSACTION
control field 20180727203549.0
008 - FIXED-LENGTH DATA ELEMENTS--GENERAL INFORMATION
fixed length control field 020730s2001 flu |||| ||||| | eng d
020 ## - INTERNATIONAL STANDARD BOOK NUMBER
International Standard Book Number 1558748040
040 ## - CATALOGING SOURCE
Original cataloging agency PPAK
Language of cataloging eng
Transcribing agency PPAK
Description conventions rda
082 04 - DEWEY DECIMAL CLASSIFICATION NUMBER
Classification number 158.1280835
Edition number 23
090 00 - LOCALLY ASSIGNED LC-TYPE CALL NUMBER (OCLC); LOCAL CALL NUMBER (RLIN)
Classification number (OCLC) (R) ; Classification number, CALL (RLIN) (NR) 158.1280835
Feature heading CAN
Feature heading G
100 1# - MAIN ENTRY--PERSONAL NAME
Personal name Canfield, Jack,
Relator term author
245 10 - TITLE STATEMENT
Title Chicken soup for the teenage soul letters :
Remainder of title letter of life, love and learning
264 #1 - PRODUCTION, PUBLICATION, DISTRIBUTION, MANUFACTURE, AND COPYRIGHT NOTICE
Place of production, publication, distribution, manufacture Deerfield Beach, Florida :
Name of producer, publisher, distributor, manufacturer Health Communications, Inc. ,
Date of production, publication, distribution, manufacture, or copyright notice 2001
300 ## - PHYSICAL DESCRIPTION
Extent xxiv, 325 pages ;
Dimensions 22 cm
336 ## - CONTENT TYPE
Source rdacontent
Content type term text
337 ## - MEDIA TYPE
Source rdamedia
Media type term unmediated
338 ## - CARRIER TYPE
Source rdacarrier
Carrier type term volume
500 ## - GENERAL NOTE
General note Jilid II
650 10 - SUBJECT ADDED ENTRY--TOPICAL TERM
Topical term or geographic name entry element Teenagers - Conduct of Life
700 ## - ADDED ENTRY--PERSONAL NAME
Relator term author
942 ## - ADDED ENTRY ELEMENTS (KOHA)
-- dc
Koha item type Book
Holdings
Withdrawn Not for loan Current library Shelving location Date acquired Total Checkouts Full call number Barcode Date last seen Date last checked out Koha item type
    Perpustakaan Kulim Pinjaman Dewasa 09/10/2002 1 158.1280835 CAN A01041513 10/10/2022 24/09/2022 Book
    Perpustakaan Kulim Pinjaman Dewasa 09/10/2002   158.1280835 CAN A01041515 08/05/2018   Book